000 00597nam a2200217Ia 4500
003 OSt
005 20220928144710.0
006 a|||||r|||| 00| 0
007 ta
008 220927b |||||||| |||| 00| 0 eng d
024 _a73160
037 _cTextual
040 _aSDCL
_cSDCL
_beng
041 _2eng
_aeng
082 _aL35:428:691, N9
100 _aCatalan Jose Ed.
_9509193
245 0 _aMental health and HIV infection
_b Psychological and psychiatric aspects.
260 _c1999
942 _hL35:428:691, N9
_cTEXL
_2CC
999 _c829066
_d829066